Cinco cerditos / (Record no. 52166)

MARC details
000 -LEADER
campo de control de longitud fija 00671nam a2200205 i 4500
001 - NÚMERO DE CONTROL
campo de control 52166
003 - IDENTIFICADOR DE NÚMERO DE CONTROL
campo de control ES-MaACL
005 - FECHA Y HORA DE LA ÚLTIMA TRANSACCIÓN
campo de control 20251014063117.0
007 - CAMPO FIJO DE DESCRIPCIÓN FÍSICA--INFORMACIÓN GENERAL
campo de control de longitud fija t|
008 - DATOS DE LONGITUD FIJA--INFORMACIÓN GENERAL
campo de control de longitud fija 030826s1958 sp ||||1| spa d
100 1# - ENTRADA PRINCIPAL--NOMBRE DE PERSONA
Nombre de persona Christie, Agatha,
Fechas asociadas al nombre 1890-1976
9 (RLIN) 38657
245 10 - MENCIÓN DEL TÍTULO
Título Cinco cerditos /
Mención de responsabilidad, etc. Agatha Christie ; [traducción de G. López Hipkiss].
260 ## - PUBLICACIÓN, DISTRIBUCIÓN, ETC.
Lugar de publicación, distribución, etc. [Barcelona :
Nombre del editor, distribuidor, etc. Molino,
Fecha de publicación, distribución, etc. 1958] (
Fabricante A.G. Ponsa)
300 ## - DESCRIPCIÓN FÍSICA
Extensión 245 p. ;
Dimensiones 17 cm.
490 1# - MENCIÓN DE SERIE
Mención de serie Selecciones Biblioteca Oro
700 1# - ENTRADA AGREGADA--NOMBRE PERSONAL
Nombre de persona López Hipkiss, Guillermo,
Fechas asociadas al nombre 1902-1957
9 (RLIN) 73700
830 0# - PUNTO DE ACCESO ADICIONAL DE SERIE-TÍTULO UNIFORME
Título uniforme Selecciones Biblioteca Oro
9 (RLIN) 182380
852 ## - LOCALIZACIÓN
Ubicación ES-MaACL
Número de control de estantería C-14746
Sublocalización o colección R.42584
Holdings
Estatus retirado Estado de pérdida Estado de daño No para préstamo Biblioteca de origen Biblioteca actual Ubicación en estantería Fecha de adquisición Fuente de adquisición Total de préstamos Signatura topográfica completa Código de barras Visto por última vez Precio de reemplazo Tipo de ítem Koha
        Biblioteca del Ateneo de Madrid Biblioteca del Ateneo de Madrid Ficheros 17/01/2008     C-14746 1054841 23/02/2023 23/02/2023 Libro impreso